[Event "Hessenliga 1921"]
[Site "Hessen"]
[Date "2020.02.16"]
[Round "6.8"]
[White "Gerber, Peter"]
[Black "Kraft, Wolfgang"]
[Result "1/2-1/2"]
[WhiteElo "2143"]
[BlackElo "2134"]
[PlyCount "42"]
[EventDate "2019.09.22"]
[EventType "team-tourn"]
[EventRounds "9"]
[EventCountry "GER"]
[SourceTitle "EXT 2024"]
[Source "ChessBase"]
[SourceDate "2023.10.10"]
[SourceVersion "1"]
[SourceVersionDate "2023.10.10"]
[SourceQuality "1"]
[WhiteTeam "Giessen"]
[BlackTeam "Dettingen"]
[WhiteTeamCountry "GER"]
[BlackTeamCountry "GER"]

1. e4 c5 2. Nf3 d6 3. d4 cxd4 4. Nxd4 Nf6 5. Nc3 g6 6. Be2 Bg7 7. 0-0 0-0 8. Bg5 Nc6 9. Nb3 Be6 10. Re1 Rc8 11. Bf1 Na5 12. e5 Nxb3 13. axb3 dxe5 14. Qxd8 Rfxd8 15. Rxa7 h6 16. Be3 Bf5 17. Rxb7 Bxc2 18. b4 e6 19. Bb6 Rd2 20. Be3 Rdd8 21. Bb6 Rd2 1/2-1/2

[Event "Hessenliga 1819"]
[Site "Hessen"]
[Date "2019.04.07"]
[Round "8.8"]
[White "Gerber, Peter"]
[Black "Diez, Gerhard"]
[Result "1/2-1/2"]
[WhiteElo "2143"]
[BlackElo "1984"]
[PlyCount "81"]
[EventDate "2018.09.23"]
[EventType "team-tourn"]
[EventRounds "9"]
[EventCountry "GER"]
[SourceTitle "EXT 2020"]
[Source "ChessBase"]
[SourceDate "2019.10.17"]
[SourceVersion "1"]
[SourceVersionDate "2019.10.17"]
[SourceQuality "1"]
[WhiteTeam "Giessen"]
[BlackTeam "Bad Nauheim"]
[WhiteTeamCountry "GER"]
[BlackTeamCountry "GER"]

1. e4 c5 2. Nf3 a6 3. Nc3 b5 4. d4 cxd4 5. Nxd4 e6 6. Be2 Ne7 7. 0-0 Nec6 8. Nb3 Be7 9. Be3 0-0 10. f4 d6 11. Qe1 Nd7 12. Qg3 Nc5 13. Nxc5 dxc5 14. Rad1 Nd4 15. Bd3 f5 16. Ne2 Bb7 17. exf5 exf5 18. Nxd4 cxd4 19. Be2 Bh4 20. Qh3 Bf6 21. Rfe1 Qa5 22. Bf2 Be4 23. Qb3+ Kh8 24. Bd3 Rae8 25. a3 Qc7 26. Bxe4 fxe4 27. Bxd4 Qxf4 28. Qe3 Qh4 29. Bxf6 Rxf6 30. Rd4 Rh6 31. h3 Rhe6 32. Rf1 Qe7 33. Rfd1 Qf6 34. c3 h6 35. Rd7 Qg6 36. R7d4 Rf6 37. Re1 Rfe6 38. Rf1 R6e7 39. a4 Qc6 40. axb5 axb5 41. Rfd1 1/2-1/2

[Event "Oberliga Ost-B 1112"]
[Site "Germany"]
[Date "2011.10.23"]
[Round "3.6"]
[White "Gerber, Peter"]
[Black "Mueller, Horst1111"]
[Result "1/2-1/2"]
[WhiteElo "2240"]
[BlackElo "2191"]
[PlyCount "83"]
[EventDate "2011.10.02"]
[EventType "team-tourn"]
[EventRounds "11"]
[EventCountry "GER"]
[SourceTitle "EXT 2013"]
[Source "ChessBase"]
[SourceDate "2012.11.22"]
[SourceVersion "1"]
[SourceVersionDate "2012.11.22"]
[SourceQuality "1"]
[WhiteTeam "Giessen"]
[BlackTeam "Offenbach"]
[WhiteTeamCountry "GER"]
[BlackTeamCountry "GER"]

1. e4 c5 2. Nf3 d6 3. d4 cxd4 4. Nxd4 Nf6 5. Nc3 a6 6. Be2 e5 7. Nb3 Be7 8. 0-0 0-0 9. Be3 Qc7 10. a4 Be6 11. Qd2 Nbd7 12. a5 Bc4 13. Ra4 Bxe2 14. Qxe2 Rfc8 15. Nc1 Nc5 16. Rc4 Qd8 17. N1a2 Ncd7 18. Ra4 h6 19. Nb4 Qe8 20. f3 Nc5 21. Raa1 Bd8 22. Rfd1 Be7 23. Nbd5 Nxd5 24. Nxd5 Nd7 25. c4 Rc6 26. b4 Rac8 27. Rac1 Bd8 28. Rc3 Nf6 29. Rdc1 Kh7 30. Qd3 Qe6 31. R1c2 Kg8 32. h3 Kh8 33. Bf2 Nd7 34. Ne3 g6 35. h4 Kg7 36. g4 Nf6 37. Nd5 Nd7 38. Qd2 Kh7 39. Be3 h5 40. Qg2 Be7 41. g5 Bd8 42. Kh2 1/2-1/2

[Event "Oberliga Ost-B 0910"]
[Site "Germany"]
[Date "2009.12.13"]
[Round "5.6"]
[White "Hess, Juergen"]
[Black "Gerber, Peter"]
[Result "0-1"]
[WhiteElo "2133"]
[BlackElo "2228"]
[PlyCount "90"]
[EventDate "2009.10.18"]
[EventType "team-tourn"]
[EventRounds "11"]
[EventCountry "GER"]
[SourceTitle "EXT 2011"]
[Source "ChessBase"]
[SourceDate "2010.11.26"]
[SourceVersion "1"]
[SourceVersionDate "2010.11.26"]
[SourceQuality "1"]
[WhiteTeam "Erfurt SK II"]
[BlackTeam "Giessen"]
[WhiteTeamCountry "GER"]
[BlackTeamCountry "GER"]

1. e4 c5 2. Nf3 d6 3. d4 cxd4 4. Nxd4 Nf6 5. Nc3 a6 6. Bg5 e6 7. f4 Be7 8. Qf3 h6 9. Bh4 Qc7 10. 0-0-0 Nbd7 11. Be2 g5 12. fxg5 Ne5 13. Qf2 Nfg4 14. Bxg4 Nxg4 15. Qe2 hxg5 16. Qxg4 Rxh4 17. Qe2 Bd7 18. g3 Rh7 19. h4 0-0-0 20. h5 Bf6 21. g4 Kb8 22. Rhg1 Rc8 23. Rg2 Qb6 24. Qf2 Be5 25. Nce2 Ba4 26. Nb3 Qb4 27. Ned4 Rc4 28. Kb1 Bxb3 29. Nxb3 Rxe4 30. c3 Qa4 31. Qc2 Rh8 32. Nd4 Qxc2+ 33. Kxc2 Kc7 34. Rf1 Rh7 35. Nf3 Bf4 36. Nd2 Re3 37. Nf3 e5 38. b3 d5 39. Ne1 e4 40. Rgf2 Rg3 41. Rg2 Rh3 42. Rgf2 f6 43. Re2 Be5 44. c4 Rc3+ 45. Kd2 Rd7 0-1

[Event "Hessenliga 0708"]
[Site "Germany"]
[Date "2008.02.10"]
[Round "6.6"]
[White "Gerber, Peter"]
[Black "Debus, Alfred"]
[Result "1/2-1/2"]
[WhiteElo "2204"]
[BlackElo "2161"]
[PlyCount "84"]
[EventDate "2007.09.30"]
[EventType "team"]
[EventRounds "9"]
[EventCountry "GER"]
[SourceTitle "EXT 2009"]
[Source "ChessBase"]
[SourceDate "2008.11.26"]
[SourceVersion "1"]
[SourceVersionDate "2008.11.26"]
[SourceQuality "1"]
[WhiteTeam "Giessen"]
[BlackTeam "Marburg"]
[WhiteTeamCountry "GER"]
[BlackTeamCountry "GER"]

1. e4 d5 2. exd5 Qxd5 3. Nc3 Qa5 4. d4 Nf6 5. Nf3 Bf5 6. Ne5 c6 7. Bd3 Bxd3 8. Qxd3 Nbd7 9. f4 e6 10. 0-0 Rd8 11. Qe2 Bd6 12. Nc4 Qc7 13. Nxd6+ Qxd6 14. d5 cxd5 15. Nb5 Qb8 16. Be3 b6 17. f5 0-0 18. fxe6 fxe6 19. Nd4 Rde8 20. Rae1 Qe5 21. c3 Qh5 22. Rf3 e5 23. Nc6 e4 24. Rf2 Qxe2 25. Rfxe2 Ra8 26. Rd2 Rfe8 27. Bg5 a5 28. h3 h6 29. Bh4 Rac8 30. Na7 Rc4 31. Nb5 e3 32. Rd4 Re4 33. Bg3 Nc5 34. Rdd1 Nb7 35. Rd3 Rc5 36. Nd4 Nh5 37. Bh2 Rc8 38. Rdxe3 Rce8 39. Rxe4 dxe4 40. Nf5 Nc5 41. Nd6 Re6 42. b4 axb4 1/2-1/2

[Event "Hessenliga 0708"]
[Site "Germany"]
[Date "2007.11.11"]
[Round "3.5"]
[White "Gerber, Peter"]
[Black "Schwenkreis, Thomas"]
[Result "0-1"]
[WhiteElo "2204"]
[BlackElo "2058"]
[PlyCount "102"]
[EventDate "2007.09.30"]
[EventType "team"]
[EventRounds "9"]
[EventCountry "GER"]
[SourceTitle "EXT 2009"]
[Source "ChessBase"]
[SourceDate "2008.11.26"]
[SourceVersion "1"]
[SourceVersionDate "2008.11.26"]
[SourceQuality "1"]
[WhiteTeam "Giessen"]
[BlackTeam "Frankfurt BvK II"]
[WhiteTeamCountry "GER"]
[BlackTeamCountry "GER"]

1. e4 e5 2. Nf3 Nc6 3. Bb5 a6 4. Ba4 Nf6 5. 0-0 d6 6. Re1 Bd7 7. c3 g6 8. d4 Qe7 9. Nbd2 Bg7 10. Bc2 0-0 11. dxe5 dxe5 12. Nc4 Rad8 13. Qe2 Rfe8 14. b3 Nh5 15. Bg5 f6 16. Bc1 Qf7 17. g3 h6 18. Bb2 Bf8 19. b4 Kh7 20. Ne3 Be6 21. Nd5 Bd6 22. Rad1 Ne7 23. Bb3 Nxd5 24. Bxd5 Bxd5 25. Rxd5 c6 26. Rd2 Qxa2 27. Red1 Qe6 28. Bc1 Qe7 29. Rd3 Bc7 30. Qd2 g5 31. Rd7 Rxd7 32. Qxd7 Ng7 33. h4 Kg6 34. hxg5 hxg5 35. Qg4 Rd8 36. Rxd8 Qxd8 37. Nh4+ Kf7 38. Nf5 Nxf5 39. exf5 Ke8 40. Be3 Qe7 41. Qc4 Qf7 42. Qd3 Bd8 43. Bc5 Qd7 44. Qf3 Qd5 45. Qh5+ Kd7 46. Qh8 Kc7 47. Qe8 Qd7 48. Bb6+ Kc8 49. Qh8 Qe7 50. Bc5 Qc7 51. Qf8 b6 0-1

[Event "Hessenliga 0405"]
[Site "Germany"]
[Date "2004.11.07"]
[Round "3.5"]
[White "Prange, Dieter"]
[Black "Gerber, Peter"]
[Result "1-0"]
[WhiteElo "2168"]
[BlackElo "2195"]
[PlyCount "58"]
[EventDate "2004.09.26"]
[EventType "team"]
[EventRounds "9"]
[EventCountry "GER"]
[SourceTitle "EXT 2006"]
[Source "ChessBase"]
[SourceDate "2005.11.24"]
[SourceVersion "1"]
[SourceVersionDate "2005.11.24"]
[SourceQuality "1"]
[WhiteTeam "Marburg"]
[BlackTeam "Giessen"]
[WhiteTeamCountry "GER"]
[BlackTeamCountry "GER"]

1. e4 c5 2. Nf3 d6 3. d4 cxd4 4. Nxd4 Nf6 5. Nc3 a6 6. g3 e5 7. Nf5 Bxf5 8. exf5 d5 9. Bg5 Bb4 10. Bg2 d4 11. a3 Ba5 12. b4 dxc3 13. bxa5 Nc6 14. Bxc6+ bxc6 15. 0-0 0-0 16. Qf3 Qd5 17. Qxc3 Ne4 18. Qe3 f6 19. Bh4 Rfd8 20. f3 Nd2 21. Rf2 Nc4 22. Qe1 Rab8 23. g4 Qd4 24. Kg2 h5 25. h3 hxg4 26. hxg4 Ne3+ 27. Kh3 Kf7 28. Re2 Nd5 29. Bg3 Rh8+ 1-0

[Event "Hessenliga 0304"]
[Site "Germany"]
[Date "2003.11.09"]
[Round "3.6"]
[White "Foermes, Alexander"]
[Black "Gerber, Peter"]
[Result "1/2-1/2"]
[WhiteElo "1991"]
[BlackElo "2202"]
[PlyCount "106"]
[EventDate "2003.10.??"]
[EventType "team"]
[EventRounds "9"]
[EventCountry "GER"]
[SourceTitle "EXT 2005"]
[Source "ChessBase"]
[SourceDate "2004.11.15"]
[SourceVersion "1"]
[SourceVersionDate "2004.11.15"]
[SourceQuality "1"]
[WhiteTeam "Marburg"]
[BlackTeam "Giessen"]
[WhiteTeamCountry "GER"]
[BlackTeamCountry "GER"]

1. c4 c5 2. g3 Nc6 3. Bg2 e5 4. Nc3 g6 5. e4 Bg7 6. Nge2 Nge7 7. 0-0 0-0 8. d3 d6 9. Be3 a6 10. a4 Rb8 11. h3 Nd4 12. f4 f5 13. Kh2 Bd7 14. fxe5 dxe5 15. exf5 gxf5 16. Bg5 Bf6 17. Bxf6 Rxf6 18. Nxd4 cxd4 19. Nd5 Nxd5 20. Bxd5+ Kh8 21. Qe2 Qc7 22. Rae1 Re8 23. Qh5 Qd6 24. Rf2 Rh6 25. Qg5 Rg6 26. Qd2 Re7 27. Bxb7 Reg7 28. Rg1 f4 29. Rf3 Bxh3 30. Kxh3 Qd7+ 31. Kg2 Qxb7 32. Kf2 Rh6 33. Rg2 Rhg6 34. g4 Rxg4 35. Rxg4 Rxg4 36. Qe2 Qg7 37. Ke1 Rg1+ 38. Kd2 Qe7 39. Kc2 Qe8 40. b3 Qh5 41. b4 Qg5 42. Rf2 Qf5 43. b5 axb5 44. axb5 Rg3 45. Rf3 Rg8 46. Qe4 Qxe4 47. dxe4 Rg2+ 48. Kb3 Rg3 49. Rxg3 fxg3 50. b6 g2 51. b7 g1Q 52. b8Q+ Kg7 53. Qxe5+ Kf7 1/2-1/2

[Event "Hessenliga 0203"]
[Site "Germany"]
[Date "2003.04.06"]
[Round "9.6"]
[White "Schmidt, Danny"]
[Black "Gerber, Peter"]
[Result "1/2-1/2"]
[WhiteElo "2053"]
[BlackElo "2202"]
[PlyCount "53"]
[EventDate "2002.10.??"]
[EventType "team"]
[EventRounds "9"]
[EventCountry "GER"]
[SourceTitle "EXT 2004"]
[Source "ChessBase"]
[SourceDate "2003.11.25"]
[SourceVersion "1"]
[SourceVersionDate "2003.11.25"]
[SourceQuality "1"]
[WhiteTeam "Lorsch"]
[BlackTeam "Giessen"]
[WhiteTeamCountry "GER"]
[BlackTeamCountry "GER"]

1. d4 Nf6 2. c4 c5 3. d5 e6 4. Nc3 exd5 5. cxd5 d6 6. e4 g6 7. h3 Bg7 8. Bd3 0-0 9. Nf3 Re8 10. 0-0 c4 11. Bxc4 Nxe4 12. Nxe4 Rxe4 13. Bg5 Qf8 14. Qc2 Re8 15. Rfe1 Bf5 16. Rxe8 Qxe8 17. Qd2 Nd7 18. Re1 Qc8 19. Bb5 Qc5 20. Bxd7 Bxd7 21. Re7 Bb5 22. Bh6 Bc4 23. Bxg7 Kxg7 24. Qc3+ Kg8 25. Rxb7 Bxd5 26. Qxc5 dxc5 27. Rc7 1/2-1/2

[Event "Hessenliga 0203"]
[Site "Germany"]
[Date "2003.01.19"]
[Round "5.7"]
[White "Gerber, Peter"]
[Black "Domanski, Markus"]
[Result "1/2-1/2"]
[WhiteElo "2202"]
[BlackElo "2107"]
[PlyCount "48"]
[EventDate "2002.10.??"]
[EventType "team"]
[EventRounds "9"]
[EventCountry "GER"]
[SourceTitle "EXT 2004"]
[Source "ChessBase"]
[SourceDate "2003.11.25"]
[SourceVersion "1"]
[SourceVersionDate "2003.11.25"]
[SourceQuality "1"]
[WhiteTeam "Giessen"]
[BlackTeam "Schoeneck II"]
[WhiteTeamCountry "GER"]
[BlackTeamCountry "GER"]

1. e4 d6 2. d4 Nf6 3. Nc3 g6 4. Nf3 c6 5. Bg5 Bg7 6. Qd2 h6 7. Bf4 g5 8. Be3 Ng4 9. Bc4 Nd7 10. 0-0 d5 11. Bd3 dxe4 12. Nxe4 f5 13. Ng3 f4 14. Bg6+ Kf8 15. Bxf4 gxf4 16. Qxf4+ Ngf6 17. Ne5 Qc7 18. Nh5 Nb6 19. Bf7 Qd6 20. Bb3 Be6 21. Ng6+ Kf7 22. Nxh8+ Bxh8 23. Qxh6 Bxb3 24. axb3 Qxd4 1/2-1/2